Culture générale (langues) - #04 - Statistiques

Statistiques générales
  • Ce quiz a été pris 124 fois
    40 depuis la dernière actualisation
  • Le résultat moyen est 9 sur 20
Statistiques - réponses
Indice Réponse % Correct
Dialecte du néerlandais parlé en Belgique Flamand
94%
Langues officielles à Singapour Anglais
81%
Mandarin
81%
Langue parlée par un certain homme politique dont le nom est l'homonyme parfait d'un certain plat québécois Russe
81%
Ouvrage le plus traduit au monde La Bible
78%
Argot qui consiste en l'inversion des syllabes d'un mot Verlan
78%
Les mots "nénuphar", "algorithme" ou encore "sirop" utilisés en français proviennent tous de cette langue Arabe
61%
Langue maternelle de la chanteuse Aurora ou de feu le peintre Edvard Munch Norvégien
56%
Nombre de lettres utilisées pour écrire le rotokas, la langue avec le plus petit alphabet au monde Douze
53%
Mot-valise pour désigner une langue française fortement anglicisée Franglais
47%
Nom utilisé pour décrire les régions et pays liés à la locution du portugais Lusophonie
44%
La ville de Llanfair­pwll­gwyn­gyll­go­gery­chwyrn­drobwll­llan­tysilio­gogo­goch, célèbre pour sa longueur, a son nom rédigé dans cette langue Gallois
33%
Malais
31%
En sociolinguistique, variété d'une langue qui permet souvent d'identifier l'origine d'un locuteur Accent
19%
Pays qui depuis 2009 reconnait 37 langues officielles, un record ! Bolivie
17%
Pays avec la plus grande diversité linguistique sur son territoire (841 langues répertoriées) Papouasie-Nouvelle-Guinée
17%
Son autonyme est "Shqip" Albanais
14%
Langue retranscrite à l'écrit par l'alphabet latin ou le sora-be Malgache
14%
Tamoul
14%
Modification phonétique qui consiste en la disparition d'un phonème ou d'une syllabe dans un mot Amuïssement
0%
Aucun quiz correspondant
Distribution des résultats
% des personnes avec chaque résultat
Percentile par nombre de réponses
Votre historique - résultats
Vous n’avez pas pris ce quiz depuis la dernière actualisation